[Event "WYCC 2018 G18"]
[Site "Halkidiki"]
[Date "2018.10.21"]
[Round "3"]
[White "Shuvalova, Polina"]
[Black "Arpita, Mukherjee"]
[Result "1-0"]
[WhiteElo "2421"]
[BlackElo "2147"]
[Annotator "TA"]
[PlyCount "107"]
[EventDate "2018.10.20"]
[EventType "swiss"]
[EventCountry "GRE"]
[SourceTitle "playchess.com"]
[Source "ChessBase"]
[SourceQuality "1"]

{[%evp 17,107,76,87,32,87,75,70,61,73,70,75,51,95,72,119,79,86,51,53,48,104,70,106,104,176,91,95,84,78,-13,73,-80,-66,-75,-50,-127,-130,-131,-35,-43,-30,-208,-219,-270,-54,-54,-39,-30,-37,-51,0,0,24,24,116,120,128,102,88,25,65,54,117,77,61,0,0,0,0,0,0,0,0,-589,-591,-584,-582,-481,-453,-777,0,0,1280,1179,2027,2023,1558,1450,1931,1764,29990,29991]} 1. e4 c5 2. Nf3 d6 3. Bb5+ Nd7 4. O-O Ngf6 5. Re1 a6 6. Bf1 e5 7. c3 {B51: Sicilian: Moscow Variation (3 Bb5+) without 3...Bd7} Be7 8. d4 (8. a4 b6 9. d4 O-O 10. d5 g6 11. Bh6 Re8 12. Na3 Bf8 13. Bg5 h6 14. Bd2 Nh5 {½-½ (61) Zhang,Z (2645)-Maghsoodloo,P (2584) Doha 2016}) 8... Qc7 9. a4 O-O {LiveBook: 3 Games} 10. h3 (10. d5 $1 $16) 10... b6 $146 (10... exd4 $14 11. cxd4 cxd4) ({Predecessor:} 10... Re8 11. dxe5 Nxe5 12. Nxe5 dxe5 13. Na3 Be6 14. Bc4 Bxc4 15. Nxc4 {½-½ (45) Orlov,A (2525)-Ginsburg,G (2523) Germany 2012}) 11. d5 $16 h6 12. c4 Nh7 13. Nc3 Re8 14. Ra3 a5 15. g3 Ndf8 16. Kh2 Ng6 17. Ng1 Qd8 18. Nb5 Bd7 (18... Bg5 $14) 19. Rb3 Rb8 20. h4 Bxb5 (20... Nf6 $16 {is a better defense.}) 21. Rxb5 ({White should play} 21. axb5 $18 Rb7 22. Nf3) 21... Bxh4 22. gxh4 Qxh4+ 23. Bh3 (23. Nh3 $16) 23... Nf4 (23... Qxf2+ $11 {keeps the balance.} 24. Kh1 Nf4) 24. Rb3 $2 (24. Be3 $16 {keeps the pressure on.}) 24... Qxf2+ $17 25. Kh1 Ng5 26. Qd2 (26. Rf1 $1 $15 Nxe4 27. Qf3 Qxf3+ 28. Rfxf3) 26... Qh4 ({Worse is} 26... Nfxh3 27. Nxh3 Qh4 28. Qf2 $16) 27. Ree3 Nfxh3 (27... Rb7 $17 28. Qe1 Qh5) 28. Nxh3 $15 Nxe4 29. Qg2 $2 (29. Qe1 $11 {and White has nothing to worry.} Qxe1+ 30. Rxe1) 29... f5 $19 30. Rxe4 Qxe4 $2 (30... fxe4 $19 31. Rg3 Rb7) 31. Qxe4 $15 fxe4 32. Nf2 Rf8 33. Kg2 {[#]} Kf7 (33... Rf3 $1 $15 34. Be3 (34. Rxf3 exf3+) 34... Rff8) 34. Nxe4 $11 Ke7 35. Rg3 Rf7 (35... g5 $11) 36. Rg6 $16 {[%mdl 1024] White has strong compensation.} Rd8 37. Bd2 Kf8 38. Kh3 (38. Re6 $16) 38... Rf1 39. Re6 Rh1+ ({Black should try} 39... Rb1 $14) 40. Kg4 Rg1+ 41. Kf5 (41. Kf3 $14) 41... Rf1+ $11 42. Kg6 Rg1+ 43. Kh7 Rg2 {And now ...Re2 would win.} 44. Bc3 h5 {[%cal Bh6h5,Bh5h4,Bh4h3][%mdl 32]} 45. Nxd6 $2 {[%mdl 8192]} (45. Bd2 $11 Rg4 46. Bg5) 45... h4 $19 46. Bxe5 {Nf5 is the strong threat.} h3 47. Rg6 Rd7 48. Rg3 {[#]} (48. Re6 $142 Re7 49. Nc8 (49. Rxe7 $2 Kxe7 50. Nc8+ Kd8 $19)) 48... g5+ $2 ({Better is} 48... g6+ $1 $19 {[%mdl 512]} 49. Kh8 (49. Kxg6 Rxg3+) 49... Rxg3 50. Bxg3 Re7) 49. Kh6 {Strongly threatening Re3.} g4 $2 {[%mdl 8192]} (49... Re2 $11 50. Rxg5 Rxe5 51. Rxe5 Rxd6+ 52. Kh7 Rd7+ 53. Kg6 Rg7+ 54. Kf6 Rh7) 50. Re3 $18 Kg8 {[#]} 51. Kg6 $1 {White threatens Bf6 and mate.} Rf2 52. Nf5 {Intending Bf6 and mate.} h2 {[#]} 53. Bxh2 $1 {[%cal Re3e8][%mdl 512]} Kf8 (53... Rxh2 54. Re8#) 54. Bd6+ {Precision: White = 40%, Black = 29%.} 1-0

[Event "WYCC 2018 G18"]
[Site "Halkidiki"]
[Date "2018.10.21"]
[Round "3"]
[White "Garcia Martin, Marta"]
[Black "Avetisyan, Mariam"]
[Result "1-0"]
[WhiteElo "2329"]
[BlackElo "2049"]
[Annotator "NA"]
[PlyCount "79"]
[EventDate "2018.10.20"]
[EventType "swiss"]
[EventCountry "GRE"]
[SourceTitle "playchess.com"]
[Source "ChessBase"]
[SourceQuality "1"]
[TimeControl "40/5400+30:1800+30"]

1. e4 {[%emt 0:00:00]} e5 {[%emt 0:00:00]} 2. Nf3 {[%emt 0:00:00]} Nc6 {[%emt 0:00:00]} 3. Bc4 {[%emt 0:00:00]} Bc5 {[%emt 0:00:00]} 4. O-O {[%emt 0:00:14]} Nf6 {[%emt 0:00:54]} 5. d3 {[%emt 0:00:16]} d6 {[%emt 0:00:21]} 6. c3 {[%emt 0:00:29]} a5 {[%emt 0:00:29]} 7. a4 {[%emt 0:01:07]} O-O {[%emt 0:03:54]} 8. Bg5 {[%emt 0:03:16]} h6 {[%emt 0:06:43]} 9. Bh4 {[%emt 0:00:05]} Be6 {[%emt 0:05:15]} 10. Nbd2 $11 {[%emt 0:03:55] LiveBook: 4 Games} Qe7 {[%emt 0:04:11]} 11. Re1 {[%emt 0:09:12]} Ba7 {[%emt 0:07:59]} 12. Bb5 {[%emt 0:08:00]} Rab8 {[%emt 0:31:36]} 13. Nf1 {[%emt 0:02:41]} Bg4 {[%emt 0:20:27]} 14. h3 {[%emt 0:05:34]} Bh5 {[%emt 0:01:40]} 15. Ng3 {[%emt 0:15:06]} Bg6 {[%emt 0:02:12]} 16. Nh2 {[%emt 0:04:33]} h5 {[%emt 0:09:40]} 17. Qf3 {[%emt 0:07:06]} Nd8 {[%emt 0:01:35]} 18. Bc4 {[%emt 0:04:17]} Ne6 {[%emt 0:00:47]} 19. Nf5 {[%emt 0:01:21]} Qd8 {[%emt 0:00:35]} 20. Nf1 {[%emt 0:01:43]} c6 {[%emt 0:01:01]} 21. N1g3 {[%emt 0:06:16]} Nf4 {[%emt 0:00:31]} 22. d4 {[%emt 0:01:03]} b5 {[%emt 0:00:28]} 23. axb5 {[%emt 0:02:26]} cxb5 {[%emt 0:00:01]} 24. Ba2 {[%emt 0:00:21]} b4 {[%emt 0:00:09]} 25. Nf1 {[%emt 0:08:43]} bxc3 {[%emt 0:00:24]} 26. bxc3 {[%emt 0:00:03]} Rb2 {[%emt 0:00:11]} 27. N1e3 {[%emt 0:00:38]} Bxf5 {[%emt 0:01:29]} 28. Nxf5 {[%emt 0:00:41]} Ng6 {[%emt 0:00:24]} 29. Bg5 {[%emt 0:01:57]} a4 {[%emt 0:00:40]} 30. Nh6+ {[%emt 0:02:52]} gxh6 {[%emt 0:00:38]} 31. Bxf6 {[%emt 0:00:06]} Qb6 {[%emt 0:00:25]} 32. Bd5 {[%emt 0:01:32]} Kh7 {[%emt 0:00:37]} 33. Qxh5 {[%emt 0:01:09]} Nf4 {[%emt 0:00:31]} 34. Qf5+ {[%emt 0:00:16]} Ng6 {[%emt 0:00:05]} 35. h4 {[%emt 0:00:46]} exd4 {[%emt 0:00:50]} 36. h5 {[%emt 0:02:15]} Qb5 {[%emt 0:00:30]} 37. cxd4 {[%emt 0:01:17]} Bb6 {[%emt 0:00:26]} 38. hxg6+ {[%emt 0:02:46]} fxg6 {[%emt 0:00:05]} 39. Qe6 {[%emt 0:00:04]} Rxf2 {[%emt 0:00:24]} 40. Qe7+ {[%emt 0:00:00]} 1-0

[Event "WYCC 2018 G18"]
[Site "Halkidiki"]
[Date "2018.10.21"]
[Round "3"]
[White "Obolentseva, Alexandra"]
[Black "Muratova, Saltanat"]
[Result "1-0"]
[WhiteElo "2298"]
[BlackElo "1859"]
[Annotator "NA"]
[PlyCount "81"]
[EventDate "2018.10.20"]
[EventType "swiss"]
[EventCountry "GRE"]
[SourceTitle "playchess.com"]
[Source "ChessBase"]
[SourceQuality "1"]
[TimeControl "40/5400+30:1800+30"]

1. d4 {[%emt 0:00:00]} Nf6 {[%emt 0:00:00]} 2. c4 {[%emt 0:00:00]} g6 {[%emt 0:00:00]} 3. Nc3 {[%emt 0:00:00]} Bg7 {[%emt 0:00:00]} 4. e4 {[%emt 0:00:00]} d6 {[%emt 0:00:03]} 5. Nf3 {[%emt 0:00:01]} O-O {[%emt 0:00:10]} 6. Be2 {[%emt 0:00:05]} e5 {[%emt 0:00:07]} 7. O-O {[%emt 0:00:09]} Nc6 {[%emt 0:00:10]} 8. d5 {[%emt 0:00:07]} Ne7 {[%emt 0:00:09]} 9. b4 {[%emt 0:00:08]} Ne8 {[%emt 0:02:11]} 10. c5 {[%emt 0:00:24]} f5 {[%emt 0:00:19]} 11. Nd2 {[%emt 0:02:54]} Nf6 {[%emt 0:04:08]} 12. Ba3 {[%emt 0:01:05]} Bh6 {[%emt 0:07:36]} 13. Bf3 {[%emt 0:03:52]} f4 {[%emt 0:03:28]} 14. b5 {[%emt 0:01:55]} g5 {[%emt 0:01:44]} 15. h3 {[%emt 0:01:01]} Rf7 {[%emt 0:05:07]} 16. Nc4 {[%emt 0:00:54]} Ne8 {[%emt 0:01:07]} (16... Bf8 $11) 17. cxd6 {[%emt 0:10:40]} cxd6 {[%emt 0:00:07]} 18. b6 $14 {[%emt 0:00:43]} a6 {[%emt 0:15:21]} 19. Na4 {[%emt 0:06:52]} Ng6 {[%emt 0:01:30]} 20. Rc1 {[%emt 0:01:24]} g4 {[%emt 0:06:22]} 21. hxg4 {[%emt 0:04:30]} Nh4 {[%emt 0:05:35]} 22. Nc5 {[%emt 0:14:05]} Qf6 {[%emt 0:10:57]} 23. Ne6 {[%emt 0:03:16]} Bxe6 {[%emt 0:04:04]} 24. dxe6 {[%emt 0:00:08]} Qxe6 {[%emt 0:00:04]} 25. Qb3 {[%emt 0:02:40]} Bf8 {[%emt 0:01:55]} 26. Rfd1 {[%emt 0:01:38]} Qg6 {[%emt 0:01:34]} 27. Kf1 {[%emt 0:01:05]} Be7 {[%emt 0:10:28]} 28. Na5 {[%emt 0:03:05]} Bf8 {[%emt 0:02:39]} 29. Nxb7 {[%emt 0:00:48]} Nxf3 {[%emt 0:02:22]} 30. gxf3 {[%emt 0:00:09]} d5 {[%emt 0:01:17]} 31. Bxf8 {[%emt 0:00:56]} Kxf8 {[%emt 0:00:09]} 32. Nc5 {[%emt 0:01:53]} d4 {[%emt 0:02:20]} 33. Ne6+ {[%emt 0:01:56]} Kg8 {[%emt 0:01:29]} 34. b7 {[%emt 0:00:06]} Rb8 {[%emt 0:00:04]} 35. Nd8 {[%emt 0:00:06]} Nd6 {[%emt 0:00:52]} 36. Rc7 {[%emt 0:01:47]} Rxd8 {[%emt 0:01:36]} 37. b8=Q {[%emt 0:00:06]} Rxb8 {[%emt 0:00:09]} 38. Qxb8+ {[%emt 0:00:06]} Kg7 {[%emt 0:00:20]} 39. Rc6 {[%emt 0:00:10]} Rf6 {[%emt 0:00:43]} 40. Rxa6 {[%emt 0:00:00]} Qh6 {[%emt 0:00:00]} 41. g5 {[%emt 0:01:36]} 1-0

[Event "WYCC 2018 G18"]
[Site "Halkidiki"]
[Date "2018.10.21"]
[Round "3"]
[White "Sliwicka, Alicja"]
[Black "Hamedi Nia, Vesal"]
[Result "1/2-1/2"]
[WhiteElo "2264"]
[BlackElo "1987"]
[Annotator "NA"]
[PlyCount "65"]
[EventDate "2018.10.20"]
[EventType "swiss"]
[EventCountry "GRE"]
[SourceTitle "playchess.com"]
[Source "ChessBase"]
[SourceQuality "1"]
[TimeControl "40/5400+30:1800+30"]

1. e4 {[%emt 0:00:00]} c5 {[%emt 0:02:26]} 2. Nf3 {[%emt 0:00:00]} Nc6 {[%emt 0:05:09]} 3. d4 {[%emt 0:00:44]} cxd4 {[%emt 0:00:18]} 4. Nxd4 {[%emt 0:00:08]} Nf6 {[%emt 0:00:26]} 5. Nc3 {[%emt 0:00:41]} e5 {[%emt 0:00:55]} 6. Ndb5 {[%emt 0:01:11]} d6 {[%emt 0:00:11]} 7. Bg5 {[%emt 0:01:37]} a6 {[%emt 0:00:24]} 8. Na3 {[%emt 0:00:11]} b5 {[%emt 0:00:07]} 9. Nd5 {[%emt 0:00:49]} Be7 {[%emt 0:00:10]} 10. Bxf6 {[%emt 0:00:29]} Bxf6 {[%emt 0:00:10]} 11. c4 {[%emt 0:00:49]} b4 {[%emt 0:00:06]} 12. Nc2 {[%emt 0:00:20]} O-O {[%emt 0:00:27]} 13. g3 {[%emt 0:00:50]} Bg5 {[%emt 0:05:17]} 14. h4 {[%emt 0:00:14]} Bh6 {[%emt 0:00:04]} 15. Bh3 {[%emt 0:00:23]} Bb7 {[%emt 0:01:30]} 16. O-O {[%emt 0:06:08]} a5 {[%emt 0:02:12]} 17. Qd3 {[%emt 0:04:01]} Ne7 {[%emt 0:05:48]} 18. Nxe7+ {[%emt 0:08:43]} Qxe7 {[%emt 0:00:06]} 19. Ne3 {[%emt 0:01:38]} Bxe3 {[%emt 0:01:10]} 20. Qxe3 {[%emt 0:00:16]} Qc7 {[%emt 0:03:43]} 21. Rac1 {[%emt 0:04:49]} Qc6 {[%emt 0:06:47]} 22. c5 {[%emt 0:14:51]} dxc5 {[%emt 0:18:25]} 23. Rxc5 {[%emt 0:00:41]} Qxe4 {[%emt 0:00:07]} 24. Qxe4 {[%emt 0:00:42]} Bxe4 {[%emt 0:00:04]} 25. Rxe5 {[%emt 0:00:16]} Rfe8 {[%emt 0:00:17]} 26. Rc5 {[%emt 0:03:15]} g6 {[%emt 0:06:42]} 27. Rfc1 {[%emt 0:03:50]} h5 {[%emt 0:04:42]} 28. Rb5 {[%emt 0:11:06]} Bf3 {[%emt 0:04:59]} 29. a3 {[%emt 0:05:41]} bxa3 {[%emt 0:02:53]} 30. bxa3 {[%emt 0:00:09]} Kg7 {[%emt 0:04:00]} 31. Bg2 {[%emt 0:01:07]} Bxg2 {[%emt 0:00:08]} 32. Kxg2 {[%emt 0:00:04]} Re4 {[%emt 0:01:19]} 33. Rc3 {[%emt 0:05:05]} 1/2-1/2

[Event "WYCC 2018 G18"]
[Site "Halkidiki"]
[Date "2018.10.21"]
[Round "3"]
[White "Kiolbasa, Oliwia"]
[Black "Tejaswini, Sagar"]
[Result "1-0"]
[WhiteElo "2254"]
[BlackElo "2139"]
[Annotator "NA"]
[PlyCount "101"]
[EventDate "2018.10.20"]
[EventType "swiss"]
[EventCountry "GRE"]
[SourceTitle "playchess.com"]
[Source "ChessBase"]
[SourceQuality "1"]
[TimeControl "40/5400+30:1800+30"]

1. e4 {[%emt 0:00:00]} e5 {[%emt 0:00:00]} 2. Nf3 {[%emt 0:00:00]} Nc6 {[%emt 0:00:00]} 3. Bb5 {[%emt 0:00:00]} a6 {[%emt 0:00:00]} 4. Ba4 {[%emt 0:00:00]} Nf6 {[%emt 0:00:00]} 5. O-O {[%emt 0:00:08]} Be7 {[%emt 0:00:00]} 6. Re1 {[%emt 0:00:14]} b5 {[%emt 0:00:00]} 7. Bb3 {[%emt 0:00:07]} d6 {[%emt 0:00:39]} 8. c3 {[%emt 0:00:08]} O-O {[%emt 0:00:06]} 9. h3 {[%emt 0:00:07]} Bb7 {[%emt 0:00:25]} 10. d4 {[%emt 0:00:24]} Nd7 {[%emt 0:00:41]} 11. a4 {[%emt 0:00:31]} exd4 {[%emt 0:04:34]} 12. cxd4 {[%emt 0:01:26]} Na5 {[%emt 0:01:48]} 13. Bc2 {[%emt 0:03:16]} Bf6 {[%emt 0:02:29]} 14. axb5 {[%emt 0:07:02]} axb5 {[%emt 0:00:16]} 15. Qd3 {[%emt 0:04:08]} g6 {[%emt 0:07:32]} 16. Qxb5 {[%emt 0:00:54]} c6 {[%emt 0:01:29]} 17. Qd3 {[%emt 0:03:35]} c5 {[%emt 0:07:39]} 18. Bf4 {[%emt 0:12:11]} c4 {[%emt 0:06:11]} 19. Qd1 {[%emt 0:03:37]} Qb6 {[%emt 0:02:26]} 20. Nc3 {[%emt 0:00:25]} Rfe8 {[%emt 0:14:07]} 21. Ba4 {[%emt 0:05:42]} Bc6 {[%emt 0:03:05]} 22. Bxc6 {[%emt 0:02:24]} Qxc6 {[%emt 0:06:08]} 23. Nd5 {[%emt 0:04:57]} Bd8 {[%emt 0:00:48]} 24. Qa4 {[%emt 0:03:13]} Rc8 {[%emt 0:07:38]} 25. Qxc6 {[%emt 0:05:20]} Rxc6 {[%emt 0:00:29]} 26. Re3 {[%emt 0:00:43]} Kg7 {[%emt 0:02:16]} 27. Nd2 {[%emt 0:05:14]} h6 {[%emt 0:06:47]} 28. Rc3 {[%emt 0:02:30]} g5 {[%emt 0:01:40]} 29. Bg3 {[%emt 0:02:17]} Nf8 {[%emt 0:01:15]} 30. Ne3 {[%emt 0:03:05]} Kg6 {[%emt 0:02:59]} 31. d5 {[%emt 0:04:26]} Rc8 {[%emt 0:02:51]} 32. Bxd6 {[%emt 0:01:43]} Nd7 {[%emt 0:00:52]} 33. Bb4 {[%emt 0:01:10]} Bf6 {[%emt 0:01:50]} 34. Rxa5 {[%emt 0:03:53]} Bxc3 {[%emt 0:00:09]} 35. Bxc3 {[%emt 0:00:09]} Ra8 {[%emt 0:03:18]} 36. Rxa8 {[%emt 0:02:52]} Rxa8 {[%emt 0:00:02]} 37. Ndxc4 {[%emt 0:00:10]} f6 {[%emt 0:00:46]} 38. e5 {[%emt 0:01:11]} fxe5 {[%emt 0:00:17]} 39. Nxe5+ {[%emt 0:00:06]} Nxe5 {[%emt 0:00:04]} 40. Bxe5 {[%emt 0:00:00]} Ra1+ {[%emt 0:00:00]} 41. Kh2 {[%emt 0:03:47]} Ra5 {[%emt 0:01:02]} 42. Kg3 {[%emt 0:00:20]} Rb5 {[%emt 0:00:13]} 43. Kf3 {[%emt 0:01:22]} Rb4 {[%emt 0:00:24]} 44. Bc3 {[%emt 0:00:32]} Rf4+ {[%emt 0:00:29]} 45. Ke2 {[%emt 0:00:07]} Rf7 {[%emt 0:00:06]} 46. Ng4 {[%emt 0:01:29]} Re7+ {[%emt 0:00:11]} 47. Ne5+ {[%emt 0:01:47]} Kf6 {[%emt 0:00:21]} 48. d6 {[%emt 0:00:09]} Rb7 {[%emt 0:00:44]} 49. d7 {[%emt 0:00:50]} Ke7 {[%emt 0:00:01]} 50. Ba5 {[%emt 0:00:26]} Rxb2+ {[%emt 0:00:21]} 51. Ke3 {[%emt 0:00:16]} 1-0

[Event "WYCC 2018 G18"]
[Site "Halkidiki"]
[Date "2018.10.21"]
[Round "3"]
[White "Antolak, Julia"]
[Black "Tarini Goyal"]
[Result "1/2-1/2"]
[WhiteElo "2240"]
[BlackElo "2026"]
[Annotator "NA"]
[PlyCount "49"]
[EventDate "2018.10.20"]
[EventType "swiss"]
[EventCountry "GRE"]
[SourceTitle "playchess.com"]
[Source "ChessBase"]
[SourceQuality "1"]
[TimeControl "40/5400+30:1800+30"]

1. e4 {[%emt 0:00:00]} c6 {[%emt 0:00:23]} 2. d4 {[%emt 0:00:00]} d5 {[%emt 0:00:05]} 3. Nc3 {[%emt 0:00:00]} dxe4 {[%emt 0:00:05]} 4. Nxe4 {[%emt 0:00:00]} Bf5 {[%emt 0:00:21]} 5. Ng3 {[%emt 0:00:00]} Bg6 {[%emt 0:00:09]} 6. h4 {[%emt 0:00:03]} h6 {[%emt 0:00:05]} 7. Nf3 {[%emt 0:00:07]} e6 {[%emt 0:00:43]} 8. h5 {[%emt 0:00:23]} Bh7 {[%emt 0:00:07]} 9. Bd3 {[%emt 0:00:06]} Bxd3 {[%emt 0:00:07]} 10. Qxd3 {[%emt 0:00:04]} Nf6 {[%emt 0:00:08]} 11. Bd2 {[%emt 0:00:07]} Be7 {[%emt 0:00:12]} 12. O-O-O {[%emt 0:00:20]} c5 {[%emt 0:00:49]} 13. Ne4 {[%emt 0:01:26]} cxd4 {[%emt 0:00:21]} 14. Nxd4 {[%emt 0:05:01]} Nbd7 {[%emt 0:01:33]} 15. Kb1 {[%emt 0:05:02]} a6 {[%emt 0:01:25]} 16. Bc3 {[%emt 0:20:54]} O-O {[%emt 0:19:28]} 17. g4 {[%emt 0:11:55]} Qb6 {[%emt 0:26:35]} 18. f4 {[%emt 0:16:47]} Nxe4 {[%emt 0:02:40]} 19. Qxe4 {[%emt 0:00:07]} Nc5 {[%emt 0:01:12]} 20. Qf3 {[%emt 0:03:58]} Na4 {[%emt 0:06:07]} 21. Nb3 {[%emt 0:06:23]} Nxc3+ {[%emt 0:02:49]} 22. Qxc3 {[%emt 0:00:04]} Rac8 {[%emt 0:04:40]} 23. Qg3 {[%emt 0:07:20]} Qc7 {[%emt 0:01:53]} 24. Qf2 {[%emt 0:03:51]} Rfd8 {[%emt 0:08:15]} 25. Rdg1 {[%emt 0:04:12]} 1/2-1/2

[Event "WYCC 2018 G18"]
[Site "Halkidiki"]
[Date "2018.10.21"]
[Round "3"]
[White "Dimitrova, Aleksandra"]
[Black "Kieu, Bich Thuy"]
[Result "1/2-1/2"]
[WhiteElo "2228"]
[BlackElo "1913"]
[Annotator "NA"]
[PlyCount "129"]
[EventDate "2018.10.20"]
[EventType "swiss"]
[EventCountry "GRE"]
[SourceTitle "playchess.com"]
[Source "ChessBase"]
[SourceQuality "1"]
[TimeControl "40/5400+30:1800+30"]

1. e4 {[%emt 0:00:00]} g6 {[%emt 0:00:00]} 2. d4 {[%emt 0:00:00]} Bg7 {[%emt 0:00:00]} 3. Nc3 {[%emt 0:00:00]} d6 {[%emt 0:00:00]} 4. f4 {[%emt 0:00:00]} Nf6 {[%emt 0:00:09]} 5. Nf3 {[%emt 0:00:30]} O-O {[%emt 0:00:09]} 6. Bd3 {[%emt 0:00:16]} Na6 {[%emt 0:02:22]} 7. O-O {[%emt 0:03:02]} c5 {[%emt 0:04:18]} 8. d5 {[%emt 0:00:13]} Nc7 {[%emt 0:04:39]} 9. a4 {[%emt 0:01:01]} Bd7 {[%emt 0:03:26] B09: Pirc-Ufimzew-Verteidigung (Dreibauernangriff)} (9... e6 10. dxe6 Bxe6 11. Kh1 b6 12. Qe1 Bg4 13. Bd2 Re8 14. Qg3 Bxf3 15. Qxf3 Ne6 16. Rae1 Nd4 17. Qd1 h5 {½-½ (48) Li,C (2744)-Lu,S (2628) Huocheng County 2017}) 10. Bc4 {[%emt 0:05:23]} a6 {[%emt 0:09:29]} 11. e5 {[%emt 0:07:14]} dxe5 $146 {[%emt 0:02:03]} ({Vorgänger:} 11... Nfe8 12. Qe2 b5 13. axb5 axb5 14. Rxa8 Qxa8 15. e6 fxe6 16. dxe6 Bc6 17. Bxb5 Nxb5 18. Nxb5 {½-½ (47) Fedoseev,V (2264)-Mihajlovskij,S (2492) Kazan 2007}) 12. fxe5 {[%emt 0:01:15]} Ng4 {[%emt 0:01:15]} 13. Bf4 {[%emt 0:02:58]} b5 {[%emt 0:04:53]} 14. Be2 {[%emt 0:04:52]} b4 {[%emt 0:06:00]} 15. Nb1 {[%emt 0:05:28]} e6 {[%emt 0:12:50]} 16. c4 {[%emt 0:14:53]} bxc3 {[%emt 0:01:25]} 17. Nxc3 {[%emt 0:00:04]} exd5 {[%emt 0:01:52]} 18. Nxd5 {[%emt 0:05:42]} Ne6 {[%emt 0:05:29]} 19. Bg3 {[%emt 0:05:48]} Bc6 {[%emt 0:01:53]} 20. Nf4 {[%emt 0:06:16]} Nxf4 {[%emt 0:13:50]} 21. Bxf4 {[%emt 0:00:21]} Qe7 {[%emt 0:01:22]} 22. Qd6 {[%emt 0:17:38]} Qxd6 {[%emt 0:03:29]} 23. exd6 {[%emt 0:00:02]} Bxb2 {[%emt 0:03:21]} 24. Ra2 {[%emt 0:00:33]} Rfb8 {[%emt 0:04:15]} 25. Rd1 {[%emt 0:06:32]} Bd7 {[%emt 0:04:29]} 26. Kf1 {[%emt 0:06:09]} Ra7 {[%emt 0:05:34]} 27. Rb1 {[%emt 0:02:56]} Rab7 {[%emt 0:01:00]} 28. Bxa6 {[%emt 0:00:11]} Rb6 {[%emt 0:00:45]} 29. Bb5 {[%emt 0:00:45]} Bxb5+ {[%emt 0:00:30]} 30. axb5 {[%emt 0:00:01]} Bf6 {[%emt 0:01:47]} 31. d7 {[%emt 0:00:37]} Rxb5 {[%emt 0:02:21]} 32. Rxb5 {[%emt 0:00:13]} Rxb5 {[%emt 0:00:03]} 33. h3 {[%emt 0:02:07]} Rb4 {[%emt 0:00:58]} 34. Bd2 {[%emt 0:00:51]} Rb1+ {[%emt 0:00:18]} 35. Ke2 {[%emt 0:00:14]} Rb7 {[%emt 0:00:23]} 36. Ra8+ {[%emt 0:00:58]} Kg7 {[%emt 0:00:03]} 37. d8=Q {[%emt 0:00:33]} Bxd8 {[%emt 0:00:08]} 38. Rxd8 {[%emt 0:00:06]} Re7+ {[%emt 0:00:14]} 39. Kd3 {[%emt 0:00:53]} Nf2+ {[%emt 0:00:17]} 40. Kc4 {[%emt 0:00:00]} Ne4 {[%emt 0:00:00]} 41. Bf4 {[%emt 0:05:56]} f6 {[%emt 0:02:08]} 42. Bd6 {[%emt 0:06:10]} Nxd6+ {[%emt 0:00:46]} 43. Rxd6 {[%emt 0:00:02]} Re2 {[%emt 0:00:10]} 44. Rd2 {[%emt 0:00:16]} Re4+ {[%emt 0:04:09]} 45. Kxc5 {[%emt 0:00:06]} g5 {[%emt 0:00:10]} 46. Kd5 {[%emt 0:00:48]} Ra4 {[%emt 0:00:18]} 47. Nd4 {[%emt 0:03:49]} Kg6 {[%emt 0:00:31]} 48. Rf2 {[%emt 0:00:43]} h5 {[%emt 0:00:40]} 49. Rc2 {[%emt 0:08:07]} h4 {[%emt 0:02:07]} 50. Ke4 {[%emt 0:00:30]} f5+ {[%emt 0:02:47]} 51. Ke5 {[%emt 0:00:38]} Ra5+ {[%emt 0:00:25]} 52. Ke6 {[%emt 0:00:25]} g4 {[%emt 0:01:43]} 53. Nc6 {[%emt 0:02:22]} Ra3 {[%emt 0:03:41]} 54. Ne5+ {[%emt 0:02:07]} Kg5 {[%emt 0:00:32]} 55. Rf2 {[%emt 0:01:11]} Ra6+ {[%emt 0:00:54]} 56. Kd5 {[%emt 0:00:13]} gxh3 {[%emt 0:03:09]} 57. gxh3 {[%emt 0:00:06]} Ra3 {[%emt 0:00:06]} 58. Rg2+ {[%emt 0:01:59]} Rg3 {[%emt 0:05:35]} 59. Nf3+ {[%emt 0:00:59]} Kf4 {[%emt 0:00:14]} 60. Nxh4 {[%emt 0:00:32]} Rxg2 {[%emt 0:01:00]} 61. Nxg2+ {[%emt 0:00:05]} Kg3 {[%emt 0:00:07]} 62. h4 {[%emt 0:01:10]} Kxg2 $11 {[%emt 0:00:17]} 63. Ke5 {[%emt 0:00:22]} Kg3 {[%emt 0:00:07]} 64. Kxf5 {[%emt 0:00:10]} Kxh4 {[%emt 0:00:05]} 65. Ke4 1/2-1/2